Hutníci si od apríla prilepšia na výplatách odborári a manažment v U. S. Steel podpísali po siedmich kolách rokovaní dodatok Kolektívnej zmluvy

Bibliographic Details
Main Author: Hakl, Róbert (Author)
Format: Article
Language:Slovak
PhysicalDescription:Fotogr.
ISSN:1339-7605
Subjects:
Online Access:http://kosicednes.sk/dennik/clanky/hutnici-si-od-aprila-prilepsia-na-vyplatach/

MARC

LEADER 00000nab a2200000 a 4500
001 vtls011624957
003 SK-MaSNL
005 20260303082725.0
008 170421|20170323xo zr|p 000 0 slo
038 |a KEVKJB 
040 |a KEVKJB  |b slo  |c KEVKJB  |e AACR2 
041 0 |a slo 
044 |a xo  |c SK 
080 |a 669.1  |2 2011 
100 1 |a Hakl, Róbert  |4 aut  |9 877264 
245 1 0 |a Hutníci si od apríla prilepšia na výplatách  |b odborári a manažment v U. S. Steel podpísali po siedmich kolách rokovaní dodatok Kolektívnej zmluvy  |c Robo Hakl 
300 |b Fotogr. 
610 2 7 |a U. S. Steel (Košice, Slovensko)  |2 kevkjb  |9 656260 
651 7 |a Košice (Slovensko)  |2 kevkjb  |9 18694 
773 0 |t KOŠICE:DNES  |g Roč. 4, č. 58 (23.3.2017), s. 2  |x 1339-7605 
852 |a KEVKJB  |b KIS3GCP 
856 4 1 |u http://kosicednes.sk/dennik/clanky/hutnici-si-od-aprila-prilepsia-na-vyplatach/ 
999 |c 1788964  |d 1790894